Music Quiz

Random Music or Singers Quiz

Music Artist By Painting Quiz Stats

 Plays Quiz Updated Apr 2, 2015

Challenge
Share
Tweet
Score 0/25 Timer 07:00
2 Plays Today
% Correct
John Lennon
97%
Madonna
90.5%
Nirvana
88.7%
The Rolling Stones
88.1%
Johnny Cash
86.1%
David Bowie
83.7%
Jay-Z
73%
Queen
72.1%
Tina Turner
69%
The Who
68.7%
Guns N' Roses
66.7%
Bruce Springsteen
65.8%
Run–D.M.C.
65.3%
% Correct
Aretha Franklin
62.6%
Grateful Dead
59.4%
Elvis Costello
58%
Ramones
57.5%
Sex Pistols
55%
Marvin Gaye
51.3%
U2
45.3%
Radiohead
40.6%
Lynyrd Skynyrd
35%
R.E.M.
30.9%
Eagles
26.1%
Pink Floyd
22.9%

You're not logged in!

Compare scores with friends on all Sporcle quizzes.
Join for Free
OR
Log In

You Might Also Like...

Show Comments

Extras

Top Quizzes Today


Score Distribution

Your Account Isn't Verified!

In order to create a playlist on Sporcle, you need to verify the email address you used during registration. Go to your Sporcle Settings to finish the process.

Report this User

Report this user for behavior that violates our Community Guidelines.

Details: